| 000 | 00814nam a2200265 i 4500 | ||
|---|---|---|---|
| 001 | 9361 | ||
| 003 | ES-MaACL | ||
| 005 | 20230906145646.0 | ||
| 007 | t| | ||
| 008 | 930813s1989 sp ||||1| spa d | ||
| 020 | _a84-505-8621-6 | ||
| 080 | _a86-223"19":087.5 | ||
| 080 | _a087.5:86-223"19" | ||
| 080 | _a86(Díaz,J.7 P.01) | ||
| 080 | _a86(Alonso Ponga,J.L.7 P.01) | ||
| 100 | 1 |
_aDíaz, Joaquín. _944129 |
|
| 245 | 1 | 3 |
_aLa Pastorada / _cJoaquín Díaz, José Luis Alonso Ponga. |
| 260 |
_aValladolid : _bObra Cultural de la Caja de Ahorros Popular, _cD.L. 1989. |
||
| 300 |
_a59 p. : _bil. col. ; _c21 cm. |
||
| 490 | 1 |
_aFuente dorada ; _v15 |
|
| 700 | 1 |
_aAlonso Ponga, José Luis. _920385 |
|
| 830 | 0 |
_aFuente dorada ; _v15 _9178442 |
|
| 852 |
_aES-MaACL _jL-16887 _bR.117801 |
||
| 999 |
_c9361 _d9361 |
||